000 00227nam a2200097Ia 4500
008 190216s9999||||xx |||||||||||||| ||und||
100 _aSiyaram Saran
245 0 _aHindi-Pathoy
260 _bMac Millian And Com. Ltd
942 _cBK
999 _c18114
_d18114